000 00531 a2200169 4500
003 OSt
005 20240823102759.0
008 231018b |||||||| |||| 00| 0 eng d
020 _a9782745192622
040 _coclc
082 _a492.7
_bATW/M
100 _aAtwan, Asaad Hussein
_99755
245 _aMANAHIJ AL- BAHTH AL -ILMI =Research Methodology /
_cUsaf Haleel Ashad Hussian
260 _b Dar Ai Kotob Ai -ilmiyah,
_aBeirut:
_c1971.
300 _a240 P
942 _2ddc
_cBK
_h492.7
_iATW/M
_k492.7
_mATW/M
999 _c42676
_d42676